Movies Quiz

Random Movies or Animation Quiz
Score 0/60 Timer 07:00
0 Plays Today
% Correct
Eddie Murphy
92.6%
Mike Myers
89.4%
Cameron Diaz
88%
Jack Black
78.6%
Antonio Banderas
72.7%
Will Smith
71.5%
Ben Stiller
62.4%
Chris Rock
62.3%
Jada Pinkett Smith
60.5%
Angelina Jolie
56.7%
Jerry Seinfeld
55.7%
Will Ferrell
53.6%
David Schwimmer
51.9%
Julie Andrews
45.3%
Brad Pitt
45.3%
John Lithgow
43.7%
John Cleese
39.2%
Woody Allen
39.2%
Justin Timberlake
38.5%
Bruce Willis
35.9%
Reese Witherspoon
32.5%
Robert De Niro
31.1%
Jackie Chan
29.4%
Tina Fey
28.6%
Dustin Hoffman
28.1%
Seth Rogen
26.8%
Steve Carell
25.8%
Sylvester Stallone
24.6%
Renée Zellweger
24.3%
Renée Zellweger
23.7%
% Correct
Sacha Baron Cohen
22.4%
Jennifer Saunders
21.7%
Hugh Jackman
20.4%
Rupert Everett
20%
Jonah Hill
19%
Gerard Butler
17.8%
Val Kilmer
16.5%
Kate Winslet
16.2%
Hugh Laurie
16.2%
will.i.am
15.8%
Jay Baruchel
14.8%
Cedric the Entertainer
12.9%
Sandra Bullock
12.6%
Ralph Fiennes
12.6%
America Ferrera
11.5%
Gene Hackman
11.1%
Martin Scorsese
11%
Eric Idle
10.8%
Craig Ferguson
9.7%
William Shatner
9.4%
Jeff Goldblum
8.9%
Larry King
8.6%
John Goodman
8.4%
Kiefer Sutherland
8%
Matthew Broderick
7.9%
Alec Baldwin
7.8%
Garry Shandling
7.6%
Ian McKellen
6.9%
Dan Aykroyd
4.7%
Bill Nighy
4.3%

You're not logged in!

Compare scores with friends on all Sporcle quizzes.
OR
Log In

Sporcle TV

Today on Sporcle TV


Watch our educational content, quiz creation guides, and fun videos on Sporcle TV.

Show Comments

Extras

Top Quizzes Today


Score Distribution

Paid Content

Your Account Isn't Verified!

In order to create a playlist on Sporcle, you need to verify the email address you used during registration. Go to your Sporcle Settings to finish the process.

Report this User

Report this user for behavior that violates our Community Guidelines.

Details: